Statistics for The Neolithic Era- Terms

Click here to take the quiz!

General Stats

  • This quiz has been taken 34 times
  • The average score is 4 of 17

Answer Stats

DefinitionTerm% Correct
Human beingsHomo Sapiens
77%
The early phase of the Stone Age, lasting about 2.5 million years, when primitive stone implements were used.Paleolithic
77%
The "land between two rivers" - Tigris and EuphratesMesopotamia
60%
The "New Stone Age", stone tools are still used; sedentary agriculture emergesNeolithic
50%
When people began using bronze tools (3100-1200 BCE); first civilized ageBronze age
43%
The father/eldest male is the head of the familyPatriarchy
40%
Temples located in the physical culture centers of Mesopotamian citiesZiggurats
23%
Ancient farming town in Turkey- continuously inhabited for 2,000 yearsCatal Huyuk
10%
Conquered the Sumerian City States & forced them into an empireSargon of Akkad
10%
A comprehensive set of laws of family and commercial lawHammurabi's Code
7%
The domestication/ selective breeding of plants and animalsHusbandry
3%
Fully developed writing form developed by the ancient SamaritiansCuneform
0%
Living near the most plants/animals suited for domesticationEurasian advantage
0%
Concrete object that people createMaterial culture
0%
A predicted futureOracles
0%
Unequal division in classes of societySocial Stratification
0%
Consist of Babylon, Nippur, Lagash, Uruk, Erida and UrThe Sumarian City States
0%

Score Distribution

Percentile by Number Answered

Percent of People with Each Score

Your Score History

You have not taken this quiz